US States And Capitals Crossword - Statistics

General Stats
  • This quiz has been taken 277 times
  • The average score is 13 of 24
Answers on the Map
Answers color-coded by a green-red scale on the quiz's map according to % correct below.
 
Answer Stats
Answer % Correct
(19) Country's Only Island State {Hawaii}
89%
(15) Buckeye State {Ohio}
77%
(21) State Known As Land of Lincoln (even though Lincoln Was Born In Kentucky) {Illinois}
77%
(5) Has The Same Name As A Eurasian Country {Georgia}
77%
(6) Land Of 10,000 Lakes {Minnesota}
73%
(11) Named After 16th President {Lincoln}
72%
(16) State That Grows The Most Corn [going up] {Iowa}
72%
(9) State With 3 Counties {Delaware}
72%
(6) State With Chesapeake Bay Running Through It {Maryland}
69%
(1) The Only 3 Word Capital City In The United States {Salt Lake City}
66%
(2) The Easternmost Capital In The United States [going up] {Augusta}
66%
(7) State That Produces Most Gold In The Country {Nevada}
66%
(10) Capital City Of The Above {Dover}
64%
(14) State Home To Mt. Hood {Oregon}
60%
(17) Capital City On The Chesapeake Bay {Annapolis}
57%
(18) State Whose Governor Is Kevin Stitt {Oklahoma}
36%
(8) Oldest Capital City In The Country {Santa Fe}
32%
(12) Capital City Originally Known As The Waterloo {Austin}
31%
(3) America's River Bike Trail {Sacramento}
28%
(4) City Home To The Country's Only Royal Palace {Honolulu}
28%
(13) City Of Trees {Boise}
19%
(23) Capital City Named After Monk Language Of "River of Monks" {Des Moines}
19%
(22) Capital City Where Declaration of Independence Was First Read {Trenton}
16%
(20) Richest Hill On Planet Earth {Montana}
6%
No matching quizzes found
Score Distribution
Percent of People with Each Score
Percentile by Number Answered
Your Score History
You have not taken this quiz